Storočnica štátnej ochrany prírody na Slovensku (1919-2019)

Inštitucionalizácia ochrany pamiatok v rakúskej monarchii. Vznik Ministerstva školstva a národnej osvety v Prahe. Organizovanie štátnej ochrany prírody na Slovensku. Vznik Vládneho komisára na ochranu pamiatok. Právne predpisy ochrany prírody vo vzťahu k Slovensku. Vznik Tatranského národného parku....

Descripción completa

Guardado en:
Detalles Bibliográficos
Autor principal: Greschová, Eva
Formato: Capítulo de libro
Lenguaje:eslovaco
Materias:
Etiquetas: Agregar Etiqueta
Sin Etiquetas, Sea el primero en etiquetar este registro!

MARC

LEADER 00000naa a2200000 4500
001 0267105
005 20210222162202.2
041 0 |a slo 
044 |a SK 
245 1 0 |a Storočnica štátnej ochrany prírody na Slovensku (1919-2019)  |c Eva Greschová 
520 |a Inštitucionalizácia ochrany pamiatok v rakúskej monarchii. Vznik Ministerstva školstva a národnej osvety v Prahe. Organizovanie štátnej ochrany prírody na Slovensku. Vznik Vládneho komisára na ochranu pamiatok. Právne predpisy ochrany prírody vo vzťahu k Slovensku. Vznik Tatranského národného parku. Prvý zákon o štátnej ochrane prírody v Československu. Vznik Ministerstva životného prostredia Slovenskej republiky. Štátna ochrana prírody na Slovensku od zániku Ústredia štátnej ochrany prírody až do súčasnosti. 
610 2 0 |a ochrana prírody 
610 2 0 |a pamiatky 
610 2 0 |a prostredie životné 
610 2 0 |a ministerstvá 
610 2 0 |a organizácie 
610 2 0 |a ústavy vedecké 
610 2 0 |a parky národné 
610 2 0 |a inštitucionalizácia 
610 2 0 |a história 
610 2 0 |a Slovensko 
100 1 |a Greschová, Eva